| 000 | 00417nam a22001697a 4500 | ||
|---|---|---|---|
| 003 | NUST - PNEC | ||
| 005 | 20170116180833.0 | ||
| 008 | 150803b xxu||||| |||| 00| 0 eng d | ||
| 020 | _a8131707431 | ||
| 040 | _cLIBRARY | ||
| 082 | _a519.40285 HAN | ||
| 100 |
_94797 _aHanselman, Duane C. |
||
| 245 |
_aMastering MATLAB 7 _cDuane C. Hanselman |
||
| 260 | _cc2005. | ||
| 650 |
_94798 _aMATLAB _xME |
||
| 942 |
_2ddc _cBK |
||
| 999 |
_c64112 _d64112 |
||